[Event "Invitation"]
[Site "http://www.queenalice.com/game.php?id=304372"]
[Date "2007.11.15"]
[Round "-"]
[White "vanchamp"]
[Black "samaurai1981"]
[Result "0-1"]
[WhiteElo "1100"]
[BlackElo "1246"]

1. e4 e5 2. d3 Bc5 3. Bg5 f6 4. Nf3 fxg5 5. Nxg5 Qxg5 6. g4 Qxg4 7. Qxg4 Nf6 8.
Qf5 Rf8 9. Qxe5+ Be7 10. Bh3 Nc6 11. Qg3 Bd6 12. Nc3 Bxg3 13. fxg3 Nb4 14. Rf1
Nxc2+ 15. Ke2 Nxa1 16. Nb5 Nc2 17. Nxc7+ Ke7 18. Nxa8 b5 19. Rc1 Nd4+ 20. Kd2
Ba6 21. Nc7 Bb7 22. Rc5 Nxe4+ 23. Ke1 Nxc5 24. Nd5+ Bxd5 25. g4 Nxd3+ 26. Kd1
Rf1+ 27. Kd2 Bc4 28. Bxf1 Nxb2 29. Ke3 Nc2+ 30. Kd2 Na3 31. Bxc4 bxc4 32. Kc3
Nd3 33. g5 d5 34. g6 hxg6 35. h3 g5 0-1

[Event "Challenge"]
[Site "http://www.queenalice.com/game.php?id=324341"]
[Date "2007.12.22"]
[Round "-"]
[White "vanchamp"]
[Black "samaurai1981"]
[Result "0-1"]
[WhiteElo "1045"]
[BlackElo "1297"]

1. e4 e5 2. d3 Nf6 3. c4 Bb4+ 4. Bd2 Nc6 5. Bxb4 Nxb4 6. a3 Nc6 7. Nf3 d6 8. b4
Nd4 9. Nxd4 exd4 10. f4 O-O 11. Nc3 dxc3 12. Rc1 Bg4 13. Qd2 cxd2+ 14. Kxd2 a5
15. e5 dxe5 16. fxe5 Ne4+ 17. Kc2 Nf2 18. Rg1 axb4 19. Rd1 Bxd1+ 20. Kd2 Qg5+
21. Ke1 Qe3+ 22. Be2 Qxe2# 0-1

[Event "Go Fuck Yourself"]
[Site "http://www.queenalice.com/game.php?id=337356"]
[Date "2008.1.16"]
[Round "-"]
[White "samaurai1981"]
[Black "vanchamp"]
[Result "1-0"]
[WhiteElo "1322"]
[BlackElo "1070"]

1. e4 e5 2. Nf3 d6 3. Nc3 c5 4. Nd5 b5 5. c3 b4 6. g4 a5 7. Bb5+ Bd7 8. c4 Nh6
9. h3 Bxb5 10. cxb5 f5 11. b6 Ra7 12. bxa7 Nc6 13. gxf5 g6 14. a8=Q Qxa8 15.
Nc7+ Kd8 16. Nxa8 Be7 17. Qa4 Nb8 18. Qxa5+ Ke8 19. Nc7+ Kf7 20. Qa8 Bg5 21.
Nxg5+ Kf6 22. Rg1 Rg8 23. Nxh7+ Kg7 24. fxg6 Rf8 25. Nxf8 Kxf8 26. g7+ Kg8 27.
Qxb8+ Kh7 28. g8=Q+ Nxg8 29. Qxg8+ 1-0

[Event "NOW"]
[Site "http://www.queenalice.com/game.php?id=354221"]
[Date "2008.2.14"]
[Round "-"]
[White "vanchamp"]
[Black "samaurai1981"]
[Result "0-1"]
[WhiteElo "1149"]
[BlackElo "1355"]

1. d4 e6 2. e4 Qh4 3. g3 Qxe4+ 4. Qe2 Qxh1 5. Nd2 Qxg1 6. Nf3 Qh1 7. Be3 d5 8.
c4 Bb4+ 9. Qd2 Nc6 10. a4 Qxf3 11. Be2 Bxd2+ 12. Kxd2 Qg2 13. Bg5 Qxf2 14. b4
Nxb4 15. Rb1 Nc6 16. Rf1 Qxh2 17. Ke1 Qxg3+ 18. Kd2 Qxg5+ 19. Ke1 Nxd4 0-1

[Event "spiderman"]
[Site "http://www.queenalice.com/game.php?id=360751"]
[Date "2008.2.25"]
[Round "-"]
[White "samaurai1981"]
[Black "bloodrayne"]
[Result "1-0"]
[WhiteElo "1371"]
[BlackElo "1198"]

1. e4 e5 2. Qh5 Qf6 3. Nf3 Bc5 4. Qxe5+ Qxe5 5. Nxe5 d6 6. Nd3 Na6 7. e5 dxe5 8.
Nxe5 Nb4 9. Bb5+ c6 10. Bc4 Be6 11. O-O Bxc4 12. Nxc4 Nxc2 13. b4 Bxb4 14. a3
1-0

[Event "Challenge"]
[Site "http://www.queenalice.com/game.php?id=361637"]
[Date "2008.2.26"]
[Round "-"]
[White "dida"]
[Black "samaurai1981"]
[Result "1-0"]
[WhiteElo "1428"]
[BlackElo "1389"]

1. b4 e5 2. a3 Nc6 3. Nf3 a6 4. Nc3 d5 5. h3 a5 6. b5 Nd4 7. Nxe5 Bf5 8. d3 Qe7
9. Bf4 g5 10. Bg3 f6 11. Nxd5 Qc5 12. c3 Qxc3+ 13. Nxc3 Bc5 14. Nc4 b6 15. Bxc7
Rc8 16. Bxb6 Bxb6 17. Nd5 Nxb5 18. Ncxb6 Rc5 19. g4 Be6 20. Ne3 h5 21. Bg2 Nd4
22. Qa4+ Kd8 23. Qxd4+ 1-0

[Event "Challenge"]
[Site "http://www.queenalice.com/game.php?id=372287"]
[Date "2008.3.16"]
[Round "-"]
[White "vanchamp"]
[Black "samaurai1981"]
[Result "0-1"]
[WhiteElo "1161"]
[BlackElo "1391"]

1. e4 e5 2. Bc4 d6 3. Qf3 Nf6 4. Nh3 Bg4 5. Qd3 c6 6. O-O b5 7. b4 bxc4 8. Qxc4
d5 9. Qb3 dxe4 10. f3 Bf5 11. g4 Be6 12. Qa4 Qd4+ 13. Nf2 Qxa1 14. Qb3 Bxb3 15.
axb3 Qxb1 16. Nd3 exd3 17. c4 Bxb4 18. g5 Nh5 19. Kg2 Nf4+ 20. Kg3 Bxd2 0-1

[Event "Friendly"]
[Site "http://www.queenalice.com/game.php?id=464061"]
[Date "2008.9.16"]
[Round "-"]
[White "CeaRaSC"]
[Black "samaurai1981"]
[Result "1-0"]
[WhiteElo "1521"]
[BlackElo "1446"]

1. d4 d5 2. Nc3 Nf6 3. Bg5 Ng4 4. Nf3 h6 5. Bf4 g5 6. Be5 f6 7. Bg3 c6 8. e4 Qa5
9. h3 dxe4 10. Nd2 e3 11. fxe3 Nxe3 12. Qc1 e5 13. Nb3 Bb4 14. Qxe3 Ba3 15. Nxa5
Bxb2 16. Rb1 Bxc3+ 17. Qxc3 b6 18. Nc4 O-O 19. dxe5 f5 20. Nd6 Be6 21. Bc4 Bd5
22. Bxd5+ cxd5 23. e6 1-0

[Event "Try (6)"]
[Site "http://www.queenalice.com/game.php?id=465032"]
[Date "2008.9.18"]
[Round "-"]
[White "samaurai1981"]
[Black "Kamikase"]
[Result "0-1"]
[WhiteElo "1453"]
[BlackElo "1703"]

1. e4 e5 2. Qh5 Nc6 3. Bc4 g6 4. Qe2 Nd4 5. Qd3 Bc5 6. Nf3 d6 7. a3 Bg4 8. Ng5
Qxg5 9. h3 Be6 10. b4 Bb6 11. c3 Nb3 12. Bxb3 Bxb3 13. Qg3 Qe7 14. O-O Nf6 0-1

[Event "Let's Play Chess!"]
[Site "http://www.queenalice.com/game.php?id=465040"]
[Date "2008.9.18"]
[Round "-"]
[White "Acuario_72"]
[Black "samaurai1981"]
[Result "1-0"]
[WhiteElo "1340"]
[BlackElo "1411"]

1. e3 e5 2. Qf3 Nf6 3. b3 Bc5 4. d4 exd4 5. e4 O-O 6. Bc4 a6 7. Bb2 b5 8. Bd3 d5
9. e5 Ne4 10. Nh3 Bb4+ 11. c3 dxc3 12. Ba3 c5 13. Bxb4 cxb4 14. O-O Nd2 15. Nxd2
cxd2 16. Qh5 g6 17. Qf3 Nc6 18. Rad1 Nxe5 19. Qf4 Nxd3 20. Qxd2 Bf5 21. Qh6 Re8
22. Ng5 Qxg5 23. Qxg5 Rac8 24. g4 Be4 25. f3 Nb2 26. Rd4 Bd3 27. Rf2 Re1+ 28.
Kg2 Nd1 29. Rxd3 Nxf2 30. Kxf2 Ra1 31. Qxd5 Rxa2+ 32. Kg3 Kg7 33. Qe5+ Kg8 34.
Qe7 Kg7 35. Rd7 Kg8 36. Qxf7+ 1-0